[Event "Gibraltar Masters 11th"]
[Site "Caleta"]
[Date "2013.01.31"]
[Round "10"]
[White "Bellon Lopez, Juan Manuel"]
[Black "Hommerson, Paul"]
[Result "1-0"]
[WhiteElo "2404"]
[BlackElo "2237"]
[PlyCount "143"]
[EventDate "2013.01.22"]
[EventType "swiss"]
[EventRounds "10"]
[EventCountry "GGB"]
[SourceTitle "CBM 153"]
[Source "ChessBase"]
[SourceDate "2013.03.14"]
[SourceVersion "1"]
[SourceVersionDate "2013.03.14"]
[SourceQuality "1"]

1. d4 Nf6 2. Bf4 g6 3. e3 Bg7 4. Nf3 0-0 5. Nbd2 c5 6. c3 b6 7. Qb3 d6 8. h3 Be6 9. Bc4 Bxc4 10. Qxc4 Qc8 11. 0-0 cxd4 12. exd4 Qxc4 13. Nxc4 Nd5 14. Bg5 Nd7 15. Rfe1 Bf6 16. h4 Rfc8 17. Ncd2 b5 18. a4 a6 19. g3 Bxg5 20. hxg5 Kg7 21. Ra2 N7b6 22. a5 Nd7 23. Raa1 h6 24. gxh6+ Kxh6 25. Re2 N7f6 26. Ne1 Kg7 27. Nd3 Rh8 28. Kg2 Rh5 29. Rh1 Rxh1 30. Kxh1 Kf8 31. Kg2 Nd7 32. Re1 Nb8 33. Rh1 Kg7 34. Nb3 Nc6 35. Kf3 Rh8 36. Rc1 Rb8 37. Ne1 Kf6 38. Ke4 Ke6 39. Ng2 Rh8 40. Re1 Rh2 41. Kf3+ Kd7 42. Ra1 g5 43. Ne3 Nxe3 44. Kxe3 e6 45. Nd2 Ne7 46. Ne4 Nd5+ 47. Ke2 g4 48. Rc1 f5 49. Nd2 e5 50. dxe5 dxe5 51. c4 bxc4 52. Nxc4 Ke6 53. Nb6 Nxb6 54. axb6 Rh7 55. Ra1 Rb7 56. Rxa6 f4 57. Kd3 Kd5 58. Ra5+ Kc6 59. Rxe5 Rf7 60. Re6+ Kb7 61. gxf4 Rxf4 62. Ke2 Rb4 63. Rg6 Rxb2+ 64. Kf1 Rb4 65. Rf6 Kc8 66. Kg2 Rb3 67. Rg6 Rb4 68. Kg3 Rb2 69. Rg8+ Kb7 70. Rxg4 Rxb6 71. Rc4 Rg6+ 72. Kh4 1-0

[Event "Gibraltar Masters 11th"]
[Site "Caleta"]
[Date "2013.01.26"]
[Round "5"]
[White "Hommerson, Paul"]
[Black "Paehtz, Elisabeth"]
[Result "0-1"]
[WhiteElo "2237"]
[BlackElo "2482"]
[PlyCount "72"]
[EventDate "2013.01.22"]
[EventType "swiss"]
[EventRounds "10"]
[EventCountry "GGB"]
[SourceTitle "CBM 153"]
[Source "ChessBase"]
[SourceDate "2013.03.14"]
[SourceVersion "1"]
[SourceVersionDate "2013.03.14"]
[SourceQuality "1"]

1. e4 e6 2. d3 d5 3. Nd2 Nf6 4. Ngf3 b6 5. c3 c5 6. Be2 Be7 7. 0-0 0-0 8. Re1 Nc6 9. exd5 Qxd5 10. Ne4 Rd8 11. Qa4 Qd7 12. Nxf6+ Bxf6 13. Qg4 Ba6 14. Rd1 e5 15. Qa4 Na5 16. Qc2 Qf5 17. b4 cxb4 18. cxb4 Nb7 19. Bb2 Nd6 20. Rac1 Bb7 21. d4 e4 22. Ne5 Bd5 23. Nc4 Bxc4 24. Bxc4 Bg5 25. Bb3 Rac8 26. Qe2 Bxc1 27. Bxc1 Nb5 28. Bb2 Nc3 29. Bxc3 Rxc3 30. Bc2 Qf4 31. g3 Qf3 32. Qxf3 exf3 33. Bb3 Rdc8 34. Kf1 Rc1 35. Ke1 Rxd1+ 36. Kxd1 Re8 0-1

[Event "Gibraltar Masters 11th"]
[Site "Caleta"]
[Date "2013.01.23"]
[Round "2"]
[White "Hommerson, Paul"]
[Black "Womacka, Mathias"]
[Result "0-1"]
[WhiteElo "2237"]
[BlackElo "2442"]
[PlyCount "84"]
[EventDate "2013.01.22"]
[EventType "swiss"]
[EventRounds "10"]
[EventCountry "GGB"]
[SourceTitle "CBM 153"]
[Source "ChessBase"]
[SourceDate "2013.03.14"]
[SourceVersion "1"]
[SourceVersionDate "2013.03.14"]
[SourceQuality "1"]

1. e4 c5 2. Nf3 d6 3. d4 cxd4 4. Nxd4 Nf6 5. Nc3 a6 6. Be3 e5 7. Nb3 Be7 8. f3 Be6 9. Qd2 0-0 10. 0-0-0 Nbd7 11. g4 Qc7 12. Kb1 b5 13. g5 Nh5 14. Nd5 Bxd5 15. exd5 Nb6 16. Na5 Nxd5 17. Qxd5 Qxa5 18. c4 Rab8 19. Rc1 Qd8 20. cxb5 axb5 21. Rg1 Qd7 22. Bd3 g6 23. Rc6 Ng7 24. Bxb5 Qb7 25. a4 Ne6 26. Qe4 Nc7 27. Rb6 Qxe4+ 28. fxe4 Rxb6 29. Bxb6 Nxb5 30. axb5 Rb8 31. Bc7 Rxb5 32. Rd1 Bxg5 33. Bxd6 Bf4 34. h4 f5 35. exf5 gxf5 36. b4 Kf7 37. Kc2 Bg3 38. Kc3 Ke6 39. Kc4 Rb7 40. b5 Rd7 41. Rg1 Bf2 42. Rf1 Bb6 0-1